000
00293nam a2200133Ia 4500
005
20251222144624.0
008
251222s9999||||xx |||||||||||||| ||spa||
082
_a
920.7/L45
100
_a
Leon, Gustavo
245
0
_a
La Perricholi:
250
_a
1ra.ed.
264
_b
CONCYTEC
942
_c
LIB
999
_c
16066
_d
16066